[Event "Hamburg-chT Landesliga 1920"]
[Site "Hamburg"]
[Date "2020.02.09"]
[Round "6.2"]
[White "Mandelbaum, Peter Rene"]
[Black "Hawellek, Jeronimo"]
[Result "1/2-1/2"]
[WhiteElo "2079"]
[BlackElo "2258"]
[PlyCount "132"]
[EventDate "2019.09.29"]
[EventType "team-tourn"]
[EventRounds "9"]
[EventCountry "GER"]
[SourceTitle "EXT 2021"]
[Source "ChessBase"]
[SourceDate "2020.10.23"]
[SourceVersion "1"]
[SourceVersionDate "2020.10.23"]
[SourceQuality "1"]

1. e4 c6 2. d4 d5 3. Nc3 dxe4 4. Nxe4 Bf5 5. Ng3 Bg6 6. Nf3 e6 7. h4 h6 8. h5 Bh7 9. Bd3 Bxd3 10. Qxd3 Nf6 11. Bf4 Bd6 12. Bxd6 Qxd6 13. 0-0-0 Nbd7 14. Kb1 0-0 15. Ne4 Nxe4 16. Qxe4 Nf6 17. Qe2 Qd5 18. c4 Qe4+ 19. Qc2 Qxc2+ 20. Kxc2 Ng4 21. Rd2 Rad8 22. Ne5 Nxe5 23. dxe5 Rxd2+ 24. Kxd2 Rd8+ 25. Ke3 c5 26. b3 Kf8 27. f4 Ke7 28. g4 f6 29. exf6+ gxf6 30. Rg1 b6 31. g5 fxg5 32. fxg5 hxg5 33. Rxg5 Kf6 34. Rg6+ Kf5 35. Rg1 Rh8 36. Rh1 Kg5 37. Ke4 Kh6 38. Ke5 Rd8 39. Rh2 a5 40. Kxe6 Rd4 41. Ke5 a4 42. Rf2 axb3 43. axb3 b5 44. cxb5 Rb4 45. Rf3 Rxb5 46. Kd5 Kxh5 47. Kc6 Rb8 48. Kxc5 Rc8+ 49. Kd4 Rd8+ 50. Kc3 Rc8+ 51. Kb2 Rb8 52. Rf5+ Kg6 53. Rc5 Kf6 54. Kc3 Ke6 55. b4 Kd6 56. Kc4 Rb7 57. Rh5 Rb8 58. Rc5 Rb7 59. Rc8 Kd7 60. Rh8 Rb6 61. Kc5 Rg6 62. b5 Kc7 63. b6+ Kb7 64. Rh7+ Kb8 65. Rc7 Rg1 66. Rf7 Rc1+ 1/2-1/2

[Event "Hamburg-chT Landesliga 1920"]
[Site "Hamburg"]
[Date "2020.01.19"]
[Round "5.2"]
[White "Mandelbaum, Peter Rene"]
[Black "Gremmel, Jonas Simon"]
[Result "0-1"]
[WhiteElo "2089"]
[BlackElo "2072"]
[PlyCount "66"]
[EventDate "2019.09.29"]
[EventType "team-tourn"]
[EventRounds "9"]
[EventCountry "GER"]
[SourceTitle "EXT 2021"]
[Source "ChessBase"]
[SourceDate "2020.10.23"]
[SourceVersion "1"]
[SourceVersionDate "2020.10.23"]
[SourceQuality "1"]

1. e4 c6 2. d4 d5 3. Nc3 dxe4 4. Nxe4 Nf6 5. Nxf6+ exf6 6. c3 Bd6 7. Bd3 0-0 8. Ne2 Qc7 9. h3 Be6 10. Be3 Nd7 11. Qc2 g6 12. h4 c5 13. h5 f5 14. Qd2 Nf6 15. dxc5 Bxc5 16. Nd4 Bd5 17. Nxf5 Rfe8 18. 0-0-0 Bxe3 19. Nxe3 Bxa2 20. Nf5 Nd5 21. Nh6+ Kg7 22. Rh4 Rad8 23. g3 Bb3 24. Rdh1 Qa5 25. hxg6 Qa1+ 26. Bb1 Ba2 27. Nf5+ Kf6 28. Qc2 Bxb1 29. Qxb1 Qxb1+ 30. Kxb1 Kxf5 31. gxh7 Rh8 32. Rh5+ Kg6 33. Rxd5 Rxd5 0-1

[Event "Hamburg-ch"]
[Site "Hamburg"]
[Date "2016.05.19"]
[Round "6"]
[White "Mandelbaum, Peter Rene"]
[Black "Schroeder, Christoph"]
[Result "1/2-1/2"]
[WhiteElo "2132"]
[BlackElo "2217"]
[PlyCount "43"]
[EventDate "2016.05.14"]
[EventType "swiss"]
[EventRounds "9"]
[EventCountry "GER"]
[SourceTitle "EXT 2018"]
[Source "ChessBase"]
[SourceDate "2017.10.13"]
[SourceVersion "1"]
[SourceVersionDate "2017.10.13"]
[SourceQuality "1"]

1. e4 c5 2. Nf3 Nc6 3. Bb5 g6 4. 0-0 Bg7 5. Bxc6 dxc6 6. h3 Nf6 7. Nc3 Nd7 8. d3 e5 9. Be3 b6 10. a4 a5 11. Qd2 0-0 12. Bh6 f6 13. Nh2 Bxh6 14. Qxh6 Rf7 15. f4 exf4 16. Qxf4 Ne5 17. Nf3 Nxf3+ 18. Rxf3 Qd4+ 19. Qe3 Be6 20. Qxd4 cxd4 21. Ne2 Rd8 22. Raf1 1/2-1/2

[Event "Hamburg sim"]
[Site "Hamburg"]
[Date "2005.10.03"]
[Round "14"]
[White "Shirov, Alexei"]
[Black "Mandelbaum, Peter Rene"]
[Result "1/2-1/2"]
[WhiteElo "2705"]
[BlackElo "2158"]
[PlyCount "59"]
[EventDate "2005.10.03"]
[EventType "simul"]
[EventRounds "1"]
[EventCountry "GER"]
[SourceTitle "EXT 2009"]
[Source "ChessBase"]
[SourceDate "2008.11.26"]
[SourceVersion "1"]
[SourceVersionDate "2008.11.26"]
[SourceQuality "1"]

1. e4 d5 2. exd5 Qxd5 3. Nc3 Qd6 4. d4 Nf6 5. Nf3 a6 6. Bd3 Bg4 7. Ne4 Nxe4 8. Bxe4 e6 9. h3 Bh5 10. c3 Qb6 11. 0-0 Nd7 12. Qb3 0-0-0 13. g4 Qxb3 14. axb3 Nf6 15. Bb1 Bg6 16. Ne5 Nd7 17. Nxg6 hxg6 18. Kg2 Nf6 19. b4 Nd5 20. Be4 Bd6 21. Bg5 Nf4+ 22. Bxf4 Bxf4 23. b5 axb5 24. Ra8+ Kd7 25. Ra7 b6 26. b4 g5 27. Bd3 Kc6 28. Be4+ Kd6 29. Bd3 Kc6 30. Be4+ 1/2-1/2

[Event "Hamburg-ch int"]
[Site "Hamburg"]
[Date "2004.06.04"]
[Round "7"]
[White "Mandelbaum, Peter Rene"]
[Black "Voigt, Martin"]
[Result "0-1"]
[WhiteElo "2155"]
[BlackElo "2258"]
[PlyCount "88"]
[EventDate "2004.05.29"]
[EventType "swiss"]
[EventRounds "9"]
[EventCountry "GER"]
[SourceTitle "CBM 100 Extra"]
[Source "ChessBase"]
[SourceDate "2004.07.06"]
[SourceVersion "2"]
[SourceVersionDate "2004.07.06"]
[SourceQuality "1"]

1. e4 c6 2. Nc3 d5 3. Nf3 dxe4 4. Nxe4 Bf5 5. Ng3 Bg4 6. Bc4 e6 7. h3 Bxf3 8. Qxf3 Nd7 9. Bb3 a5 10. a3 Ngf6 11. 0-0 Be7 12. d4 a4 13. Ba2 0-0 14. c3 Qb6 15. Bb1 c5 16. Ne2 Rfd8 17. Bc2 Qb5 18. Rb1 c4 19. g4 Qd5 20. Qxd5 Nxd5 21. f4 g6 22. Ng3 f5 23. g5 Kf7 24. h4 h6 25. Kg2 hxg5 26. hxg5 Rh8 27. Rh1 Rxh1 28. Kxh1 b5 29. Bd2 Rh8+ 30. Kg2 Nf8 31. Rh1 Rxh1 32. Kxh1 e5 33. dxe5 Ne6 34. Ne2 Bc5 35. Bd1 Be3 36. Bc1 Bxc1 37. Nxc1 Nexf4 38. Ne2 Nd3 39. Bc2 Nxb2 40. e6+ Ke7 41. Nd4 Nxc3 42. Bxf5 gxf5 43. g6 Kf6 44. Nxf5 Kxg6 0-1

[Event "Hamburg-ch int"]
[Site "Hamburg"]
[Date "2004.06.02"]
[Round "6"]
[White "Limbach, Torsten"]
[Black "Mandelbaum, Peter Rene"]
[Result "0-1"]
[WhiteElo "2079"]
[BlackElo "2155"]
[PlyCount "54"]
[EventDate "2004.05.29"]
[EventType "swiss"]
[EventRounds "9"]
[EventCountry "GER"]
[SourceTitle "CBM 100 Extra"]
[Source "ChessBase"]
[SourceDate "2004.07.06"]
[SourceVersion "2"]
[SourceVersionDate "2004.07.06"]
[SourceQuality "1"]

1. c4 Nf6 2. Nf3 g6 3. Nc3 Bg7 4. g3 0-0 5. Bg2 d6 6. 0-0 e5 7. d4 Nbd7 8. h3 c6 9. dxe5 dxe5 10. Be3 Qe7 11. Qb3 Nh5 12. c5 Ndf6 13. Ng5 h6 14. Nge4 Nxe4 15. Nxe4 Be6 16. Qb4 f5 17. Nd6 Rab8 18. g4 fxg4 19. hxg4 Nf4 20. Bf3 Qh4 21. Rad1 Bxg4 22. Bxf4 Rxf4 23. Qb3+ Kh7 24. Ne4 Rbf8 25. Qxb7 Rxf3 26. exf3 Bxf3 27. Ng3 Qh3 0-1

[Event "Hamburg-ch int"]
[Site "Hamburg"]
[Date "2004.05.30"]
[Round "3"]
[White "Mandelbaum, Peter Rene"]
[Black "Souleidis, Georgios"]
[Result "1/2-1/2"]
[WhiteElo "2155"]
[BlackElo "2398"]
[PlyCount "86"]
[EventDate "2004.05.29"]
[EventType "swiss"]
[EventRounds "9"]
[EventCountry "GER"]
[SourceTitle "CBM 100 Extra"]
[Source "ChessBase"]
[SourceDate "2004.07.06"]
[SourceVersion "2"]
[SourceVersionDate "2004.07.06"]
[SourceQuality "1"]

1. e4 c5 2. Nf3 Nc6 3. d4 cxd4 4. Nxd4 Nf6 5. Nc3 e5 6. Ndb5 d6 7. Bg5 a6 8. Na3 b5 9. Nd5 Be7 10. Bxf6 Bxf6 11. c3 0-0 12. Nc2 Bg5 13. a4 bxa4 14. Rxa4 a5 15. Bc4 Rb8 16. b3 Kh8 17. 0-0 f5 18. exf5 Bxf5 19. Nce3 Bg6 20. Bd3 Bf7 21. Be4 Bg8 22. Nc4 Rb5 23. Na3 Rc5 24. Rc4 Bxd5 25. Bxd5 Rxc4 26. Nxc4 Ne7 27. Be6 Ng6 28. Nxd6 Qe7 29. Ne4 Bf4 30. Qd6 Bxh2+ 31. Kxh2 Qh4+ 32. Kg1 Qxe4 33. Bd5 Qd3 34. Qc6 Nf4 35. Bf3 e4 36. Qxe4 Qxc3 37. Qc4 Qf6 38. Qc7 Nh3+ 39. gxh3 Qxf3 40. Qg3 Qa8 41. Rc1 Rf6 42. Rc4 Rg6 43. Rg4 Rxg4 1/2-1/2

[Event "Hamburg-ch int"]
[Site "Hamburg"]
[Date "2004.05.29"]
[Round "1"]
[White "Mandelbaum, Peter Rene"]
[Black "Meyer, Falko"]
[Result "1/2-1/2"]
[WhiteElo "2155"]
[BlackElo "2368"]
[PlyCount "57"]
[EventDate "2004.05.29"]
[EventType "swiss"]
[EventRounds "9"]
[EventCountry "GER"]
[SourceTitle "CBM 100 Extra"]
[Source "ChessBase"]
[SourceDate "2004.07.06"]
[SourceVersion "2"]
[SourceVersionDate "2004.07.06"]
[SourceQuality "1"]

1. e4 g6 2. d4 c6 3. Nc3 d5 4. e5 h5 5. f4 Nh6 6. Bd3 Bg4 7. Nf3 e6 8. Be3 Nd7 9. 0-0 Bxf3 10. Qxf3 Ng4 11. Ne2 c5 12. c3 Rc8 13. h3 Nh6 14. b3 cxd4 15. cxd4 Ba3 16. Bc1 Qe7 17. Bxa3 Qxa3 18. g4 hxg4 19. hxg4 Qe7 20. Kg2 Ng8 21. Rac1 Kd8 22. Rxc8+ Kxc8 23. Bb5 Kb8 24. f5 gxf5 25. gxf5 Qh4 26. Qg3 Qe4+ 27. Qf3 Qh4 28. Qg3 Qe4+ 29. Qf3 1/2-1/2

[Event "Kiel op-A 16th"]
[Site "Kiel"]
[Date "2003.07.29"]
[Round "6.19"]
[White "Mandelbaum, Peter Rene"]
[Black "Von Hassel, Ulf"]
[Result "1-0"]
[WhiteElo "2180"]
[BlackElo "2115"]
[PlyCount "87"]
[EventDate "2003.07.??"]
[EventType "swiss"]
[EventRounds "9"]
[EventCountry "GER"]
[SourceTitle "CBM 095 Extra"]
[Source "ChessBase"]
[SourceDate "2003.09.04"]
[SourceVersion "1"]
[SourceVersionDate "2003.09.04"]
[SourceQuality "1"]

1. e4 c5 2. Nf3 Nc6 3. d4 cxd4 4. Nxd4 e6 5. Nc3 d6 6. Be3 Nf6 7. Be2 Be7 8. 0-0 0-0 9. Kh1 a6 10. a4 Qc7 11. f4 Bd7 12. Qe1 Nxd4 13. Bxd4 Bc6 14. Qg3 b6 15. Bd3 g6 16. e5 dxe5 17. fxe5 Nh5 18. Qf2 Bc5 19. Bxc5 bxc5 20. Rae1 Qb7 21. b3 Rad8 22. Be4 Rd4 23. Qf3 Bd5 24. Bxd5 exd5 25. Rd1 Rf4 26. Qxd5 Qe7 27. Rxf4 Nxf4 28. Qe4 Qg5 29. Rf1 Ne6 30. Nd5 Kg7 31. c3 Rd8 32. Qf3 Rf8 33. Nf6 h5 34. Nd7 Qe7 35. Qf6+ Qxf6 36. exf6+ Kh6 37. Nxf8 Nxf8 38. Rd1 g5 39. Rd6 a5 40. Ra6 Kg6 41. Rxa5 Ne6 42. b4 Kxf6 43. bxc5 Ke7 44. Ra7+ 1-0

[Event "Kiel op-A 16th"]
[Site "Kiel"]
[Date "2003.07.28"]
[Round "5.27"]
[White "Engels, Gerd"]
[Black "Mandelbaum, Peter Rene"]
[Result "0-1"]
[WhiteElo "2085"]
[BlackElo "2180"]
[PlyCount "70"]
[EventDate "2003.07.??"]
[EventType "swiss"]
[EventRounds "9"]
[EventCountry "GER"]
[SourceTitle "CBM 095 Extra"]
[Source "ChessBase"]
[SourceDate "2003.09.04"]
[SourceVersion "1"]
[SourceVersionDate "2003.09.04"]
[SourceQuality "1"]

1. d4 c5 2. c3 Nf6 3. Nf3 e6 4. Bf4 b6 5. e3 Bb7 6. Bd3 Be7 7. 0-0 d5 8. h3 0-0 9. Qe2 Nc6 10. Nbd2 a5 11. a4 cxd4 12. exd4 Qc8 13. Ne5 Nb8 14. Rfc1 Ba6 15. c4 dxc4 16. Ndxc4 Qd8 17. Qf3 Ra7 18. Rd1 Bb7 19. Qe2 Nc6 20. Nxc6 Bxc6 21. Ne5 Ba8 22. Bc4 Bd5 23. Rac1 Ra8 24. Ng4 Nh5 25. Bc7 Bxc4 26. Rxc4 Qc8 27. Bxb6 Nf4 28. Qc2 Qb7 29. Rc6 Rac8 30. d5 Nxd5 31. Rxc8 Rxc8 32. Qe4 Qxb6 33. Rxd5 exd5 34. Qxe7 Rc1+ 35. Kh2 Qc7+ 0-1

[Event "Hamburg-ch int"]
[Site "Hamburg"]
[Date "2003.06.15"]
[Round "9"]
[White "Mandelbaum, Peter Rene"]
[Black "Sawadkuhi, Massoud Amir"]
[Result "0-1"]
[WhiteElo "2191"]
[BlackElo "2250"]
[PlyCount "60"]
[EventDate "2003.06.07"]
[EventType "swiss"]
[EventRounds "9"]
[EventCountry "GER"]
[SourceTitle "CBM 094 Extra"]
[Source "ChessBase"]
[SourceDate "2003.07.09"]
[SourceVersion "2"]
[SourceVersionDate "2003.07.09"]
[SourceQuality "1"]

1. e4 e6 2. d4 d5 3. Nc3 Bb4 4. e5 Qd7 5. a3 Bf8 6. f4 Ne7 7. Nf3 Nbc6 8. Be3 Nf5 9. Bf2 h5 10. Bd3 Be7 11. 0-0 b6 12. Ne2 Bb7 13. b3 0-0-0 14. c4 dxc4 15. bxc4 Nfxd4 16. Nexd4 Nxd4 17. Nxd4 c5 18. Nxe6 fxe6 19. Bc2 Qc6 20. Qf3 Qxf3 21. gxf3 Ba6 22. Be3 Bxc4 23. Rfd1 Be2 24. Rxd8+ Rxd8 25. Bb3 c4 26. Rc1 b5 27. a4 Ba3 28. Rc3 Rd3 29. Rxd3 Bxd3 30. Ba2 b4 0-1

[Event "Hamburg-ch int"]
[Site "Hamburg"]
[Date "2003.06.13"]
[Round "7"]
[White "Mandelbaum, Peter Rene"]
[Black "Hochgraefe, Markus"]
[Result "1/2-1/2"]
[WhiteElo "2191"]
[BlackElo "2331"]
[PlyCount "47"]
[EventDate "2003.06.07"]
[EventType "swiss"]
[EventRounds "9"]
[EventCountry "GER"]
[SourceTitle "CBM 094 Extra"]
[Source "ChessBase"]
[SourceDate "2003.07.09"]
[SourceVersion "2"]
[SourceVersionDate "2003.07.09"]
[SourceQuality "1"]

1. e4 e6 2. d4 d5 3. Nc3 Bb4 4. e5 Ne7 5. Bd2 c5 6. Nb5 Bxd2+ 7. Qxd2 0-0 8. dxc5 Nd7 9. f4 Nxc5 10. Nd4 Qb6 11. 0-0-0 Bd7 12. Kb1 Rfc8 13. Rc1 Ne4 14. Qe3 Nc3+ 15. Ka1 Na4 16. Rb1 Nc6 17. Ngf3 Nb4 18. Bd3 h6 19. c3 Nxa2 20. Kxa2 Nxc3+ 21. bxc3 Qa5+ 22. Kb2 Qxc3+ 23. Ka2 Qa5+ 24. Kb2 1/2-1/2

[Event "Hamburg-ch int"]
[Site "Hamburg"]
[Date "2003.06.11"]
[Round "5"]
[White "Mandelbaum, Peter Rene"]
[Black "Schulz, Hans Juergen"]
[Result "1-0"]
[WhiteElo "2191"]
[BlackElo "2099"]
[PlyCount "95"]
[EventDate "2003.06.07"]
[EventType "swiss"]
[EventRounds "9"]
[EventCountry "GER"]
[SourceTitle "CBM 094 Extra"]
[Source "ChessBase"]
[SourceDate "2003.07.09"]
[SourceVersion "2"]
[SourceVersionDate "2003.07.09"]
[SourceQuality "1"]

1. e4 e5 2. Nf3 Nc6 3. Nc3 Bb4 4. Nd5 Nf6 5. Nxb4 Nxb4 6. c3 Nc6 7. d4 Qe7 8. d5 Nb8 9. Bd3 d6 10. Qc2 h6 11. h3 c6 12. c4 0-0 13. Be3 Na6 14. a3 Bd7 15. b4 cxd5 16. cxd5 Rac8 17. Qd2 Nc7 18. Bxa7 Ncxd5 19. exd5 e4 20. 0-0 exf3 21. Rfe1 Qd8 22. Qe3 Nxd5 23. Qxf3 Bc6 24. Be4 Nf6 25. Bxc6 bxc6 26. Bd4 Nh7 27. Qc3 f6 28. Re3 Re8 29. Rae1 Qd7 30. R1e2 Rxe3 31. Qxe3 Kf7 32. Qb3+ d5 33. Qe3 Ng5 34. a4 Ne6 35. a5 Ra8 36. Ra2 Qb7 37. Bb6 Ng5 38. Re2 Qd7 39. f3 Ne6 40. f4 g5 41. fxg5 hxg5 42. Qd3 Re8 43. Qf5 Nf8 44. Qxd7+ Nxd7 45. Rxe8 Kxe8 46. Bc7 Nf8 47. a6 Ne6 48. Bb6 1-0

[Event "Hamburg-ch int"]
[Site "Hamburg"]
[Date "2003.06.10"]
[Round "4"]
[White "Putzbach, Gerd"]
[Black "Mandelbaum, Peter Rene"]
[Result "1-0"]
[WhiteElo "2253"]
[BlackElo "2191"]
[PlyCount "113"]
[EventDate "2003.06.07"]
[EventType "swiss"]
[EventRounds "9"]
[EventCountry "GER"]
[SourceTitle "CBM 094 Extra"]
[Source "ChessBase"]
[SourceDate "2003.07.09"]
[SourceVersion "2"]
[SourceVersionDate "2003.07.09"]
[SourceQuality "1"]

1. e4 c5 2. Nf3 Nc6 3. d4 cxd4 4. Nxd4 Nf6 5. Nc3 e5 6. Ndb5 d6 7. Bg5 a6 8. Na3 b5 9. Bxf6 gxf6 10. Nd5 f5 11. Bd3 Be6 12. c3 Bg7 13. Nc2 0-0 14. Ncb4 Nxb4 15. Nxb4 f4 16. Qh5 Qd7 17. f3 Qa7 18. Nc2 Qd7 19. g4 Kh8 20. Qh4 Rg8 21. Nb4 Qa7 22. Qf2 Bf6 23. Qxa7 Rxa7 24. a4 bxa4 25. Rxa4 a5 26. Kd2 Rc8 27. Rha1 Bd8 28. Nd5 Bxd5 29. exd5 Rc5 30. Be4 Rc8 31. b4 Bb6 32. bxa5 Be3+ 33. Kd3 Rb7 34. Rb4 Ra7 35. a6 Rcc7 36. Rb8+ Kg7 37. Ra2 h6 38. Bf5 Bc5 39. Bc8 Bg1 40. Bb7 Be3 41. Rd8 Bc5 42. Rb2 f6 43. h4 Kg6 44. h5+ Kg7 45. Ke4 Re7 46. Bc8 Rac7 47. Rb8 Ba7 48. Ra8 Rc4+ 49. Kf5 Bb6 50. Rxd6 e4 51. Be6 Bc7 52. Rd7 Rxd7 53. Bxd7 Bb6 54. a7 Bxa7 55. Rxa7 Rxc3 56. Be6+ Kf8 57. Kxf6 1-0

[Event "Hamburg-ch int"]
[Site "Hamburg"]
[Date "2003.06.09"]
[Round "3"]
[White "Mandelbaum, Peter Rene"]
[Black "Gollasch, Theo Heinz"]
[Result "1-0"]
[WhiteElo "2191"]
[BlackElo "2117"]
[PlyCount "129"]
[EventDate "2003.06.07"]
[EventType "swiss"]
[EventRounds "9"]
[EventCountry "GER"]
[SourceTitle "CBM 094 Extra"]
[Source "ChessBase"]
[SourceDate "2003.07.09"]
[SourceVersion "2"]
[SourceVersionDate "2003.07.09"]
[SourceQuality "1"]

1. e4 c5 2. Nf3 Nc6 3. d4 cxd4 4. Nxd4 g6 5. c4 Bg7 6. Be3 d6 7. Nc3 Nf6 8. Be2 Bd7 9. 0-0 Nxd4 10. Qxd4 0-0 11. Qd2 Bc6 12. f3 b6 13. Rfc1 Nd7 14. Nd5 Nf6 15. Nc3 Qd7 16. a4 Qb7 17. a5 bxa5 18. Rxa5 Rfb8 19. Ra2 Nd7 20. Rb1 Qb3 21. Ra3 Qb4 22. Nb5 Qxd2 23. Bxd2 Bxb5 24. cxb5 Bd4+ 25. Be3 Bxe3+ 26. Rxe3 Rc8 27. Rc3 Rxc3 28. bxc3 Rc8 29. Ra1 Rc7 30. Ra6 Nb6 31. Kf2 e5 32. c4 Kf8 33. Ke3 Ke7 34. Kd2 Nd7 35. Kc3 Nc5 36. Ra1 Rb7 37. Bd3 Kd7 38. g3 Ke6 39. h4 f5 40. Rf1 Rf7 41. exf5+ gxf5 42. Bc2 h5 43. Kd2 Rg7 44. Rg1 f4 45. g4 e4 46. Ke2 hxg4 47. fxg4 Ke5 48. h5 Ne6 49. h6 Rg8 50. Rh1 Nd4+ 51. Kd1 Nxc2 52. Kxc2 f3 53. h7 Rh8 54. Kd2 Kf4 55. g5 Kxg5 56. Ke3 Kg4 57. Rg1+ Kf5 58. Rg7 Ke5 59. Re7+ Kf5 60. Rxa7 d5 61. cxd5 Ke5 62. b6 Rf8 63. Rf7 Rb8 64. b7 Kxd5 65. Rg7 1-0

[Event "JBLN West 0102 "]
[Site "Germany"]
[Date "2002.06.02"]
[Round "?"]
[White "Rinne, Torben"]
[Black "Mandelbaum, Peter Rene"]
[Result "0-1"]
[WhiteElo "1475"]
[BlackElo "2041"]
[PlyCount "86"]
[EventDate "2002.10.??"]
[EventType "team-tourn"]
[EventRounds "9"]
[EventCountry "GER"]
[SourceTitle "EXT 2005"]
[Source "ChessBase"]
[SourceDate "2004.11.15"]
[SourceVersion "1"]
[SourceVersionDate "2004.11.15"]
[SourceQuality "1"]

1. d4 Nf6 2. c4 c5 3. d5 b5 4. cxb5 a6 5. bxa6 Bxa6 6. Nc3 g6 7. e4 Bxf1 8. Kxf1 d6 9. Nf3 Bg7 10. h3 0-0 11. Kg1 Nbd7 12. Kh2 Qa5 13. Re1 Rfb8 14. Re2 Ne8 15. Rc2 Nc7 16. Qe2 Nb5 17. Nxb5 Qxb5 18. Qxb5 Rxb5 19. a3 Nb6 20. Ra2 Na4 21. Nd2 Rab8 22. Nc4 Rb3 23. Na5 Rd3 24. Nc6 Rb7 25. f3 Kf8 26. Kg1 Rb5 27. Na7 Rbb3 28. Nc6 Ke8 29. Na5 Rb5 30. Nc4 Bd4+ 31. Kh2 Kd7 32. Kg3 e6 33. dxe6+ fxe6 34. Bf4 d5 35. exd5 exd5 36. Ne5+ Bxe5 37. Bxe5 d4 38. Bf4 Rdb3 39. Bc1 Kd6 40. Kf4 Kd5 41. h4 c4 42. Rd2 Nc5 43. Re2 Nd3+ 0-1

[Event "GER-chT U20"]
[Site "Hamburg"]
[Date "2001.12.28"]
[Round "4.4"]
[White "Mandelbaum, Peter Rene"]
[Black "Branding, Volker"]
[Result "1-0"]
[WhiteElo "2078"]
[BlackElo "2117"]
[PlyCount "67"]
[EventDate "2001.12.26"]
[EventType "team-tourn"]
[EventRounds "7"]
[EventCountry "GER"]
[SourceTitle "EXT 2003"]
[Source "ChessBase"]
[SourceDate "2002.11.25"]
[SourceVersion "1"]
[SourceVersionDate "2002.11.25"]
[SourceQuality "1"]

1. e4 c5 2. Nf3 Nc6 3. d4 cxd4 4. Nxd4 g6 5. Be3 Bg7 6. Nc3 d6 7. f3 Nf6 8. Qd2 0-0 9. 0-0-0 Nxd4 10. Bxd4 Be6 11. Kb1 a6 12. g4 b5 13. h4 b4 14. Nd5 Bxd5 15. exd5 Qa5 16. g5 Nh5 17. Bxg7 Nxg7 18. Bh3 Qc5 19. Bg4 f5 20. gxf6 Rxf6 21. h5 gxh5 22. Bxh5 e5 23. Rdg1 Raf8 24. Qg2 Qa7 25. Rh3 Rc8 26. Bg4 Rc7 27. Rgh1 h6 28. Rxh6 Rxh6 29. Rxh6 Qe3 30. Be6+ Rf7 31. Bxf7+ Kxf7 32. Rh1 Qf4 33. Rg1 Qf6 34. Qg4 1-0

[Event "Wichern op 6th"]
[Site "Hamburg"]
[Date "2001.10.20"]
[Round "8.33"]
[White "Mandelbaum, Peter Rene"]
[Black "Grote, Dirk"]
[Result "1/2-1/2"]
[WhiteElo "2039"]
[BlackElo "2164"]
[PlyCount "66"]
[EventDate "2001.10.21"]
[EventType "swiss"]
[EventRounds "9"]
[EventCountry "GER"]
[SourceTitle "EXT 2002"]
[Source "ChessBase"]
[SourceDate "2001.11.25"]
[SourceVersion "1"]
[SourceVersionDate "2001.11.25"]
[SourceQuality "1"]

1. e4 d5 2. exd5 Qxd5 3. Nc3 Qa5 4. d4 c6 5. Bc4 Bf5 6. Nge2 e6 7. 0-0 Nd7 8. Ng3 Bg6 9. Qe2 0-0-0 10. Bf4 Ngf6 11. a3 Nh5 12. Be3 Nxg3 13. hxg3 Nf6 14. b4 Qh5 15. Qxh5 Nxh5 16. Rfc1 Bd6 17. b5 c5 18. Ne2 cxd4 19. Bxd4 Kb8 20. Bb3 Rc8 21. c4 Bd3 22. Ra2 Rhd8 23. Rd1 Bxe2 24. Rxe2 Bxa3 25. Ra2 Bc5 26. Be5+ Ka8 27. Rad2 Rxd2 28. Rxd2 f6 29. g4 fxe5 30. gxh5 Rf8 31. Bc2 h6 32. Be4 Bd4 33. Kf1 Kb8 1/2-1/2

[Event "Wichern op 6th"]
[Site "Hamburg"]
[Date "2001.10.15"]
[Round "3.26"]
[White "Putzbach, Gerd"]
[Black "Mandelbaum, Peter Rene"]
[Result "1-0"]
[WhiteElo "2235"]
[BlackElo "2039"]
[PlyCount "95"]
[EventDate "2001.10.21"]
[EventType "swiss"]
[EventRounds "9"]
[EventCountry "GER"]
[SourceTitle "EXT 2002"]
[Source "ChessBase"]
[SourceDate "2001.11.25"]
[SourceVersion "1"]
[SourceVersionDate "2001.11.25"]
[SourceQuality "1"]

1. d4 Nf6 2. Nf3 c5 3. d5 g6 4. Nc3 Bg7 5. e4 d6 6. Be2 Bg4 7. Nd2 Bxe2 8. Qxe2 0-0 9. Nc4 Na6 10. Bg5 Nc7 11. a4 a6 12. a5 Nb5 13. Nb6 Nxc3 14. bxc3 Nd7 15. Rb1 Nxb6 16. Rxb6 Bxc3+ 17. Bd2 Bxd2+ 18. Qxd2 Qd7 19. 0-0 f5 20. exf5 Rxf5 21. Rfb1 Ra7 22. g3 Rf8 23. c4 Rb8 24. Qe2 Rf8 25. R1b3 Rf7 26. h4 Rf5 27. f4 Rf7 28. Kh2 Qa4 29. Rxb7 Rxb7 30. Rxb7 Qxa5 31. Rxe7 Rxe7 32. Qxe7 Qa2+ 33. Kh3 Qxc4 34. Qxd6 Qf1+ 35. Kg4 Qe2+ 36. Kg5 Qh5+ 37. Kf6 Qf5+ 38. Ke7 Qf8+ 39. Kd7 Qxd6+ 40. Kxd6 Kf7 41. Kxc5 a5 42. g4 Ke7 43. f5 a4 44. Kb4 h5 45. gxh5 gxf5 46. h6 Kf7 47. h7 Kg7 48. d6 1-0